[Event "Online Olym Div3 A 2021"]
[Site "chess.com INT"]
[Date "2021.08.27"]
[Round "1.1"]
[Board "1"]
[White "Kulpruethanon, Thanadon"]
[Black "Thing, Bibek"]
[Result "1/2-1/2"]
[WhiteTitle "FM"]
[BlackTitle "CM"]
[WhiteElo "2278"]
[BlackElo "2190"]
[WhiteTeam "Thailand"]
[BlackTeam "Nepal"]
[WhiteFideId "6201610"]
[BlackFideId "12303135"]
[EventDate "2021.08.27"]
[EventType "team"]

1. Nf3 c5 2. g3 b6 3. Bg2 Bb7 4. O-O g6 5. c4 Bg7 6. Nc3 Nf6 7. b3 O-O 8. Bb2
Nc6 9. d4 Nxd4 10. Nxd4 Bxg2 11. Kxg2 cxd4 12. Qxd4 d6 13. Rfd1 Re8 14. Rac1 Qd7
15. Qf4 Qb7+ 16. Qf3 Rab8 17. Rd2 a6 18. Qxb7 Rxb7 19. Nd5 Ne4 20. Rdc2 Bxb2 21.
Rxb2 Kg7 22. f3 Nf6 23. Kf2 b5 24. Nxf6 Kxf6 25. Rbc2 a5 26. c5 dxc5 27. Rxc5
Rd8 28. R1c2 Ra8 29. a3 Raa7 30. g4 h6 31. h4 Ra8 32. h5 Rd8 33. hxg6 Kxg6 34.
Rh5 e6 35. Re5 Rd1 36. Rcc5 Ra1 37. Rxb5 Rxb5 38. Rxb5 Rxa3 39. Kg3 a4 40. bxa4
Rxa4 1/2-1/2

[Event "Online Olym Div3 A 2021"]
[Site "chess.com INT"]
[Date "2021.08.27"]
[Round "1.1"]
[Board "2"]
[White "Jaiswal, Rupesh"]
[Black "Arunnuntapanich, Tinnakrit"]
[Result "1-0"]
[WhiteTitle "FM"]
[WhiteElo "2102"]
[BlackElo "2094"]
[WhiteTeam "Nepal"]
[BlackTeam "Thailand"]
[WhiteFideId "12300870"]
[BlackFideId "6202039"]
[EventDate "2021.08.27"]
[EventType "team"]

1. e4 c5 2. Nf3 d6 3. Bb5+ Bd7 4. Bxd7+ Qxd7 5. c4 Nf6 6. d3 g6 7. O-O Bg7 8.
Nc3 O-O 9. a3 Nc6 10. Rb1 Ng4 11. Bd2 a6 12. b4 b6 13. Nd5 Rab8 14. Qa4 Rfe8 15.
bxc5 bxc5 16. Rxb8 Nxb8 17. Qa5 e6 18. Nc7 Rc8 19. Nxa6 Nc6 20. Qb5 Qd8 21. Qb7
Nd4 22. Nxd4 Bxd4 23. Ba5 Qf8 24. Bd2 Re8 25. h3 Ne5 26. Qb3 Qe7 27. Rb1 Qa7 28.
Nb8 Rc8 29. Bf4 Nxd3 30. Qxd3 Rxb8 31. Bxd6 Rxb1+ 32. Qxb1 Kg7 33. Qb8 Qxa3 34.
Bf8+ Kf6 35. Qf4# 1-0

[Event "Online Olym Div3 A 2021"]
[Site "chess.com INT"]
[Date "2021.08.27"]
[Round "1.1"]
[Board "3"]
[White "Promsirinimit, Pornouma"]
[Black "Lohani, Sujana"]
[Result "1-0"]
[BlackTitle "WFM"]
[WhiteElo "1559"]
[BlackElo "1675"]
[WhiteTeam "Thailand"]
[BlackTeam "Nepal"]
[WhiteFideId "6204171"]
[BlackFideId "12311987"]
[EventDate "2021.08.27"]
[EventType "team"]

1. e4 g6 2. Nf3 Bg7 3. d4 d6 4. Bd3 c5 5. c3 cxd4 6. cxd4 Nc6 7. Be3 Bg4 8. Be2
Qb6 9. Nbd2 Qa5 10. O-O Nf6 11. a3 O-O 12. Nc4 Qd8 13. h3 Bxf3 14. Bxf3 d5 15.
e5 dxc4 16. exf6 Bxf6 17. Bxc6 bxc6 18. Rc1 Rb8 19. Rxc4 Rxb2 20. Rxc6 Qa5 21.
Qd3 Qd5 22. Rc5 Qd6 23. d5 Rfb8 24. Qc4 Kg7 25. Bf4 Be5 26. Rc6 Bxf4 27. Rxd6
Bxd6 28. Qd4+ f6 29. Qxa7 Ra2 30. Re1 Kf7 31. Rxe7+ Bxe7 32. Qxb8 Rxa3 33. d6
Bf8 34. d7 Ra1+ 35. Kh2 Be7 36. Qe8+ Ke6 1-0

[Event "Online Olym Div3 A 2021"]
[Site "chess.com INT"]
[Date "2021.08.27"]
[Round "1.1"]
[Board "4"]
[White "Joshi, Sindira"]
[Black "Taweesupmun, Chanida"]
[Result "0-1"]
[BlackTitle "WCM"]
[WhiteElo "1506"]
[BlackElo "1618"]
[WhiteTeam "Nepal"]
[BlackTeam "Thailand"]
[WhiteFideId "12312754"]
[BlackFideId "6200117"]
[EventDate "2021.08.27"]
[EventType "team"]

1. e4 e5 2. Nf3 Nc6 3. d4 exd4 4. Bc4 Bb4+ 5. c3 Be7 6. cxd4 d6 7. O-O Nf6 8.
Nc3 O-O 9. h3 a6 10. Bf4 Na5 11. Bd3 c5 12. e5 dxe5 13. dxe5 Ne8 14. Qc2 Be6 15.
Bxh7+ Kh8 16. Be4 Qc7 17. Bg3 Rd8 18. Rad1 Nc6 19. Nd5 Qa5 20. Nxe7 Nxe7 21.
Rxd8 Qxd8 22. Qxc5 b6 23. Qc2 Nc7 24. Rd1 Ned5 25. Nd4 Qe7 26. Nf5 Qg5 27. Nd6
f5 28. Bf3 f4 29. Qd2 Qxe5 30. Bxd5 Nxd5 31. Nc4 Qc7 32. Qe2 fxg3 33. Qxe6 gxf2+
34. Kf1 Qxc4+ 35. Qe2 Ne3# 0-1

[Event "Online Olym Div3 A 2021"]
[Site "chess.com INT"]
[Date "2021.08.27"]
[Round "1.1"]
[Board "5"]
[White "Laohawirapap, Prin"]
[Black "Paudel, Yubraj"]
[Result "1-0"]
[WhiteTitle "CM"]
[WhiteElo "2125"]
[BlackElo "1837"]
[WhiteTeam "Thailand"]
[BlackTeam "Nepal"]
[WhiteFideId "6205003"]
[BlackFideId "12312886"]
[EventDate "2021.08.27"]
[EventType "team"]

1. e4 c5 2. Nc3 g6 3. d4 cxd4 4. Qxd4 Nf6 5. Nf3 Nc6 6. Qa4 Qa5 7. Qxa5 Nxa5 8.
Nb5 Rb8 9. e5 Nd5 10. Nxa7 Nb4 11. Kd1 b6 12. c3 Nbc6 13. Nxc6 Nxc6 14. Bb5 Bg7
15. Re1 O-O 16. Bf4 Bb7 17. e6 Rbd8 18. Bc7 Rc8 19. exf7+ Rxf7 20. Bxb6 d5 21.
Ng5 Rf6 22. Ne6 Bh6 23. f3 Kf7 24. Nd4 Ne5 25. Ba5 Nc4 26. Bb4 e5 27. Bxc4 exd4
28. Bd3 dxc3 29. Re7+ Kg8 30. Bxc3 Rb6 31. a4 Bf8 32. Re2 Ba6 33. Bxa6 Rxa6 34.
Rd2 Rd8 35. Bd4 Bb4 36. Re2 Rda8 37. b3 Rb8 38. Rc1 Bd6 39. Rc3 Bxh2 40. Re7 Bd6
41. Rg7+ Kf8 42. Rxh7 Ra5 43. Rc6 Bf4 44. Rf6+ Kg8 45. Rd7 g5 46. Rh6 Be5 47.
Bxe5 1-0

[Event "Online Olym Div3 A 2021"]
[Site "chess.com INT"]
[Date "2021.08.27"]
[Round "1.1"]
[Board "6"]
[White "Neupane, Anisha"]
[Black "Chuemsakul, Sarocha"]
[Result "0-1"]
[BlackTitle "WFM"]
[WhiteElo "1459"]
[BlackElo "1686"]
[WhiteTeam "Nepal"]
[BlackTeam "Thailand"]
[WhiteFideId "12311642"]
[BlackFideId "6203710"]
[EventDate "2021.08.27"]
[EventType "team"]

1. e4 c5 2. Nc3 d6 3. Bc4 Nf6 4. f4 e6 5. d3 d5 6. Bb3 d4 7. Nce2 Be7 8. Nf3 Nc6
9. O-O O-O 10. Qe1 b5 11. a3 Ba6 12. f5 c4 13. Ba2 e5 14. Qg3 Nd7 15. Bg5 Bxg5
16. Qxg5 h6 17. Qxd8 Rfxd8 18. Rad1 Rac8 19. Nd2 cxd3 20. cxd3 b4 21. Nc4 Nc5
22. f6 g6 23. h4 b3 24. Bb1 Nxe4 25. dxe4 Bxc4 26. Bd3 Na5 27. Rf2 Bxd3 28. Rxd3
Rc2 29. Ng3 Rdc8 30. Rfd2 Rxd2 31. Rxd2 Rc2 32. Rf2 d3 33. Nf1 Nc4 0-1

[Event "Online Olym Div3 A 2021"]
[Site "chess.com INT"]
[Date "2021.08.27"]
[Round "1.2"]
[Board "1"]
[White "Lee, Jun Hyeok"]
[Black "Yarmonov, Igor"]
[Result "1-0"]
[WhiteTitle "IM"]
[BlackTitle "IM"]
[WhiteElo "2404"]
[BlackElo "2394"]
[WhiteTeam "South Korea"]
[BlackTeam "IPCA"]
[WhiteFideId "13202340"]
[BlackFideId "14114496"]
[EventDate "2021.08.27"]
[EventType "team"]

1. e4 c6 2. d4 d5 3. exd5 cxd5 4. Nf3 Nf6 5. Ne5 a6 6. Bd3 e6 7. c3 Bd6 8. O-O
Nc6 9. f4 O-O 10. Nd2 Qc7 11. Rf3 Ne7 12. Rh3 g6 13. Ndf3 Kg7 14. Qe1 Neg8 15.
Qh4 Be7 16. Ng5 h6 17. f5 exf5 18. Ne6+ Bxe6 19. Bxh6+ Kh7 20. Bxf8+ Nh5 21.
Bxe7 Qxe7 22. Nxg6 fxg6 23. Qxe7+ Nxe7 24. Re1 Kg7 25. Rxe6 Kf7 26. Rb6 Ra7 27.
Bxf5 Nxf5 28. g4 Nf4 29. Rf3 Ne7 30. Rxf4+ Kg7 31. Rff6 Ra8 32. Rbe6 Rc8 33. g5
Rc7 34. a4 a5 35. h4 Rd7 36. Kf2 Rc7 37. Kg3 Rd7 38. Kg4 Rc7 39. h5 gxh5+ 40.
Kxh5 Ng8 41. Rg6+ Kf7 42. Rb6 Re7 43. Rgd6 Rc7 44. Rxd5 Ne7 45. Rdd6 Nc6 46. g6+
Kg7 47. d5 Ne5 48. Re6 Nd3 49. d6 Rc5+ 50. Kh4 Rc4+ 51. Kg3 Nc5 52. d7 Nxd7 53.
Rxb7 1-0

[Event "Online Olym Div3 A 2021"]
[Site "chess.com INT"]
[Date "2021.08.27"]
[Round "1.2"]
[Board "2"]
[White "Nowak, Lukasz2"]
[Black "Kwon, Sehyun"]
[Result "0-1"]
[WhiteTitle "FM"]
[BlackTitle "CM"]
[WhiteElo "2353"]
[BlackElo "2195"]
[WhiteTeam "IPCA"]
[BlackTeam "South Korea"]
[WhiteFideId "1166760"]
[BlackFideId "13203088"]
[EventDate "2021.08.27"]
[EventType "team"]

1. e4 c6 2. Nc3 d5 3. Nf3 Bg4 4. h3 Bxf3 5. Qxf3 e6 6. Be2 Nf6 7. O-O Nbd7 8. d4
dxe4 9. Nxe4 Be7 10. Rd1 O-O 11. c3 Qa5 12. Bg5 Rfe8 13. Bd3 Nxe4 14. Bxe7 Rxe7
15. Bxe4 Nf6 16. Bc2 Rd8 17. a4 Red7 18. b4 Qc7 19. a5 h6 20. Re1 Rd5 21. Bb3
Rf5 22. Qe2 Nd5 23. Rac1 Nf4 24. Qf1 Rg5 25. g3 Nh5 26. Re3 Nf6 27. f4 Nd5 28.
Rf3 Rf5 29. Bc2 Rf6 30. Qd3 g6 31. Rcf1 b6 32. axb6 axb6 33. Qd2 c5 34. bxc5
bxc5 35. Qe2 cxd4 36. cxd4 Nb4 37. Bb1 Rxd4 38. Qf2 Qd6 39. g4 Rd2 40. Qg3 Nd5
41. g5 hxg5 42. Qxg5 Kg7 43. h4 Ne7 44. h5 Rd5 45. Qg4 Rxh5 46. R3f2 Qc5 47. Kg2
Qd5+ 48. Qf3 Rxf4 49. Qxd5 Rxf2+ 0-1

[Event "Online Olym Div3 A 2021"]
[Site "chess.com INT"]
[Date "2021.08.27"]
[Round "1.2"]
[Board "3"]
[White "Eynula, Roza"]
[Black "Aleksandrova, Aleksandra"]
[Result "1-0"]
[WhiteTitle "WFM"]
[BlackTitle "WFM"]
[WhiteElo "2069"]
[BlackElo "1731"]
[WhiteTeam "South Korea"]
[BlackTeam "IPCA"]
[WhiteFideId "2019531"]
[BlackFideId "4144198"]
[EventDate "2021.08.27"]
[EventType "team"]

1. d4 d5 2. c4 e6 3. Nc3 c6 4. Nf3 Bd6 5. Bg5 Nf6 6. e3 Nbd7 7. a3 a5 8. Qc2 Qc7
9. Be2 Qb8 10. O-O O-O 11. c5 Bc7 12. b4 axb4 13. axb4 Rxa1 14. Rxa1 e5 15. h3
e4 16. Nd2 h6 17. Bxf6 Nxf6 18. b5 Nh7 19. b6 Bh2+ 20. Kh1 Ng5 21. h4 Bg3 22.
fxg3 Qxg3 23. hxg5 Qxe3 24. Nb3 hxg5 25. Qd2 Qg3 26. Qe1 Qb8 27. Ra7 g6 28. Na5
Kg7 29. Kg1 Rh8 30. g3 Rh3 31. Kg2 Rh8 32. Qf2 Bh3+ 33. Kg1 Kh6 34. Rxb7 Qa8 35.
Qxf7 g4 36. Qg7+ Kg5 37. Re7 Rf8 38. Re5+ Rf5 39. Rxf5+ Kxf5 40. Qe5# 1-0

[Event "Online Olym Div3 A 2021"]
[Site "chess.com INT"]
[Date "2021.08.27"]
[Round "1.2"]
[Board "4"]
[White "Kaydanovich, Marina"]
[Black "Kim, Taegyeong"]
[Result "0-1"]
[WhiteTitle "WIM"]
[BlackTitle "WCM"]
[WhiteElo "1737"]
[BlackElo "1523"]
[WhiteTeam "IPCA"]
[BlackTeam "South Korea"]
[WhiteFideId "4134877"]
[BlackFideId "13200976"]
[EventDate "2021.08.27"]
[EventType "team"]

1. Nf3 Nf6 2. c4 e6 3. Nc3 Be7 4. d4 d5 5. e3 O-O 6. Bd3 h6 7. O-O c5 8. Ne5 Nc6
9. Nxc6 bxc6 10. Na4 cxd4 11. exd4 Ba6 12. b3 Rc8 13. c5 Bxd3 14. Qxd3 Qc7 15.
h3 e5 16. dxe5 Qxe5 17. Bb2 Qc7 18. Rfe1 Rfe8 19. Re3 Ne4 20. Rae1 Qd7 21. Bd4
Bf6 22. Nc3 Bxd4 23. Qxd4 Nxc3 24. Qxc3 Re6 25. Qd4 Rce8 26. b4 a6 27. a3 f5 28.
Kf1 Re4 29. f3 Rxd4 30. Rxe8+ Kh7 31. R8e7 Qd8 32. g3 Rd3 33. Kf2 Rxa3 34. R1e6
Rb3 35. Re8 Qg5 36. Re3 Rxe3 37. Rxe3 f4 38. gxf4 Qxf4 39. Re6 Qd2+ 40. Kg3 Qxb4
41. Rxc6 Qb7 42. Rd6 Qc7 43. f4 Qxc5 44. Rxa6 Qe3+ 45. Kg4 Qe2+ 0-1

[Event "Online Olym Div3 A 2021"]
[Site "chess.com INT"]
[Date "2021.08.27"]
[Round "1.2"]
[Board "5"]
[White "Noh, Jinwoo"]
[Black "Lipilin, Ilia"]
[Result "0-1"]
[BlackTitle "FM"]
[WhiteElo "1489"]
[BlackElo "2189"]
[WhiteTeam "South Korea"]
[BlackTeam "IPCA"]
[WhiteFideId "13211307"]
[BlackFideId "54113245"]
[EventDate "2021.08.27"]
[EventType "team"]

1. c4 f5 2. Nc3 Nf6 3. d4 d6 4. Nf3 g6 5. h3 Bg7 6. Bf4 c6 7. e3 O-O 8. Be2 Kh8
9. O-O Be6 10. Ng5 Bg8 11. b3 Nbd7 12. Nf3 Re8 13. Rc1 e5 14. dxe5 dxe5 15. Bg5
e4 16. Nd4 Ne5 17. f4 exf3 18. Bxf3 Qe7 19. Re1 Rad8 20. Qe2 c5 21. Ndb5 Nd3 22.
Nd5 Bxd5 23. Bxd5 Nxc1 24. Rxc1 h6 25. Bxf6 Bxf6 26. Nxa7 Qxe3+ 27. Qxe3 Rxe3
28. Nb5 Re2 29. a3 b6 30. Nc7 Rd7 31. Na8 Bd4+ 32. Kh1 Rde7 33. Nxb6 Bf2 34. Bf3
Re1+ 35. Rxe1 Rxe1+ 36. Kh2 f4 37. g4 fxg3+ 38. Kg2 Rg1# 0-1

[Event "Online Olym Div3 A 2021"]
[Site "chess.com INT"]
[Date "2021.08.27"]
[Round "1.2"]
[Board "6"]
[White "Dorozhkina, Mariya"]
[Black "Cho, Yeonhee"]
[Result "0-1"]
[WhiteTitle "WFM"]
[BlackTitle "WCM"]
[WhiteElo "1714"]
[BlackElo "1423"]
[WhiteTeam "IPCA"]
[BlackTeam "South Korea"]
[WhiteFideId "54132185"]
[BlackFideId "13201190"]
[EventDate "2021.08.27"]
[EventType "team"]

1. d4 d5 2. c4 e6 3. Nf3 Nf6 4. g3 Be7 5. Bg2 h6 6. O-O Nbd7 7. Qc2 O-O 8. Nbd2
b6 9. e4 dxe4 10. Nxe4 Bb7 11. Nfd2 Nxe4 12. Nxe4 c5 13. Bf4 cxd4 14. Nf6+ Bxf6
15. Bxb7 e5 16. Bxa8 Qxa8 17. Bd2 e4 18. Bf4 Re8 19. Rad1 g5 20. Bd6 Qc6 21. Ba3
Ne5 22. Qe2 Nf3+ 23. Kg2 d3 24. Qe3 Bd4 25. Qc1 e3 26. fxe3 Nh4+ 27. Kh3 Qe6+
28. g4 Qxe3+ 0-1

[Event "Online Olym Div3 A 2021"]
[Site "chess.com INT"]
[Date "2021.08.27"]
[Round "1.3"]
[Board "1"]
[White "Song, Raymond"]
[Black "Lim, Zhuo Ren"]
[Result "1-0"]
[WhiteTitle "IM"]
[BlackTitle "FM"]
[WhiteElo "2485"]
[BlackElo "2311"]
[WhiteTeam "Chinese Taipei"]
[BlackTeam "Malaysia"]
[WhiteFideId "3203824"]
[BlackFideId "5702488"]
[EventDate "2021.08.27"]
[EventType "team"]

1. d4 Nf6 2. Nf3 d5 3. c4 e6 4. Nc3 a6 5. c5 b6 6. cxb6 cxb6 7. Bf4 Bb7 8. e3
Bd6 9. Bxd6 Qxd6 10. Bd3 Nbd7 11. O-O O-O 12. Qb3 b5 13. Rfc1 Rfc8 14. h3 Nb6
15. a4 b4 16. a5 Nc4 17. Ne2 Rc7 18. Bxc4 dxc4 19. Rxc4 Rxc4 20. Qxc4 Rc8 21.
Qb3 Bd5 22. Qd1 Bxf3 23. gxf3 h6 24. Rc1 Rxc1 25. Qxc1 Qd5 26. Qc8+ Kh7 27. Qxa6
Qxf3 28. Ng3 Qd1+ 29. Kg2 Qc2 30. Qb7 b3 31. a6 Nd5 32. a7 Nxe3+ 33. Kf3 Nd5 34.
a8=Q Qxb2 35. Qxf7 Qxd4 36. Qag8# 1-0

[Event "Online Olym Div3 A 2021"]
[Site "chess.com INT"]
[Date "2021.08.27"]
[Round "1.3"]
[Board "2"]
[White "Subramaniam, Sumant"]
[Black "Liu, Yeh Yang"]
[Result "1-0"]
[WhiteTitle "FM"]
[WhiteElo "2155"]
[BlackElo "1994"]
[WhiteTeam "Malaysia"]
[BlackTeam "Chinese Taipei"]
[WhiteFideId "5702720"]
[BlackFideId "16300416"]
[EventDate "2021.08.27"]
[EventType "team"]

1. a3 Nf6 2. Nf3 g6 3. g3 Bg7 4. Bg2 O-O 5. O-O d5 6. d4 a5 7. c4 c6 8. cxd5
cxd5 9. Nc3 Nc6 10. Ne5 Be6 11. Nxc6 bxc6 12. Na4 Nd7 13. Bf4 Qc8 14. Rc1 Qb7
15. Qd2 Rfc8 16. Nc5 Nxc5 17. Rxc5 a4 18. Rfc1 Ra6 19. e4 dxe4 20. Bxe4 Rb6 21.
d5 Rxb2 22. Qa5 Bh3 23. Rxc6 Ra8 24. Qc5 Re8 25. Be3 h5 26. Rc7 Qb3 27. Bc2 Qa2
28. Bxa4 Rf8 29. Rxe7 h4 30. d6 Bf6 31. d7 Bxe7 32. Qxe7 Qd5 33. Bc6 Qd3 34. Bh6
Rbb8 35. Qf6 1-0

[Event "Online Olym Div3 A 2021"]
[Site "chess.com INT"]
[Date "2021.08.27"]
[Round "1.3"]
[Board "3"]
[White "Chen, Chi"]
[Black "Azhar, Puteri Munajjah Az-Zahraa"]
[Result "0-1"]
[BlackTitle "WIM"]
[WhiteElo "1588"]
[BlackElo "2046"]
[WhiteTeam "Chinese Taipei"]
[BlackTeam "Malaysia"]
[WhiteFideId "16301633"]
[BlackFideId "5709040"]
[EventDate "2021.08.27"]
[EventType "team"]

1. d4 e6 2. Nf3 Nf6 3. c4 d5 4. Nc3 Be7 5. Bf4 O-O 6. e3 c6 7. cxd5 exd5 8. Bd3
Bg4 9. O-O Nbd7 10. h3 Bh5 11. Qc2 c5 12. Be2 Bg6 13. Qb3 cxd4 14. Nxd4 Nc5 15.
Qd1 Rc8 16. Nb3 Nce4 17. Be5 Bb4 18. Nxe4 Bxe4 19. Qd4 Bd6 20. Bxd6 Qxd6 21. Bd3
Bxd3 22. Qxd3 Qe5 23. Qd4 Qxd4 24. Nxd4 Rc5 25. Rfc1 Rfc8 26. Rd1 Kf8 27. a3 g6
28. g3 Ke7 29. Kg2 a6 30. Kf3 Kd6 31. Nb3 Rc2 32. Rab1 Ne4 33. Rf1 b6 34. Kf4
Rxf2+ 35. Rxf2 Nxf2 36. h4 f6 37. Nd4 Nd3+ 38. Kf3 Ke5 39. g4 b5 40. Ke2 Nc5 41.
b4 Ne6 42. Nf3+ Kd6 43. Ne1 Rc4 44. Kf3 f5 45. gxf5 gxf5 46. Ng2 Rc3 47. Ra1 Ke5
48. Ne1 d4 49. Ng2 dxe3 50. Nxe3 f4 51. Re1 Nd4+ 52. Kf2 Rxe3 53. Rc1 Re2+ 54.
Kf1 Rc2 55. Re1+ Kf5 56. Re8 Kg4 57. Rg8+ Kf3 58. Kg1 Rc1+ 59. Kh2 Kf2 60. Rg2+
Kf3 61. Rg7 Ne2 62. Rxh7 Ng3 63. Rd7 Rh1# 0-1

[Event "Online Olym Div3 A 2021"]
[Site "chess.com INT"]
[Date "2021.08.27"]
[Round "1.3"]
[Board "4"]
[White "Azhar, Puteri Rifqah Fahada"]
[Black "Shih, Ching-An"]
[Result "1-0"]
[WhiteTitle "WFM"]
[BlackTitle "WFM"]
[WhiteElo "1939"]
[BlackElo "1582"]
[WhiteTeam "Malaysia"]
[BlackTeam "Chinese Taipei"]
[WhiteFideId "5702879"]
[BlackFideId "16300653"]
[EventDate "2021.08.27"]
[EventType "team"]

1. d4 d5 2. Nf3 Nf6 3. Bf4 c6 4. e3 Nbd7 5. c3 e6 6. Bd3 Nh5 7. Bg3 Nxg3 8. hxg3
Nf6 9. Qc2 h6 10. Nbd2 Bd6 11. O-O O-O 12. Rfe1 Re8 13. e4 dxe4 14. Nxe4 Nxe4
15. Bxe4 Bd7 16. Rad1 Qc7 17. Qe2 Rad8 18. Bc2 c5 19. Qe4 g6 20. dxc5 Bxc5 21.
Ne5 Bc6 22. Nxc6 Qxc6 23. Qxc6 bxc6 24. Ba4 Rxd1 25. Rxd1 Rc8 26. Rd7 Bb6 27.
Kf1 Kf8 28. Rd6 Ke7 29. Rxc6 Rxc6 30. Bxc6 g5 31. g4 f5 32. gxf5 exf5 33. Ke2
Kd6 34. Bb7 Ke5 35. a4 a5 36. g3 h5 37. Bc6 f4 38. Bf3 g4 39. Bc6 Bd8 40. Be8 h4
41. gxh4 Bxh4 42. Bd7 f3+ 43. Kf1 Kf4 44. b4 Bf6 45. b5 Bxc3 46. b6 Be5 47. Bc6
Bb8 48. Ke1 Kg5 49. Kd2 Kh4 50. Kc3 Kh3 51. Bd7 Kg2 52. Bxg4 Kxf2 53. Kc4 Ke3
54. Kb5 f2 55. Bh3 Kd4 56. Kxa5 Kc5 57. Ka6 Kc6 58. Bg2+ Kc5 59. Kb7 Be5 60. a5
Kb5 61. a6 Bd4 62. a7 Bxb6 63. a8=Q Bd4 64. Qe8+ Kc5 65. Qh5+ Kc4 66. Kc6 Kd3
67. Kd5 Be3 68. Bf1+ Kc3 69. Qe5+ Kd2 70. Qb2+ Ke1 71. Qe2# 1-0

[Event "Online Olym Div3 A 2021"]
[Site "chess.com INT"]
[Date "2021.08.27"]
[Round "1.3"]
[Board "5"]
[White "Bai, Adelard"]
[Black "Chan, Kim Yew"]
[Result "1/2-1/2"]
[WhiteTitle "FM"]
[BlackTitle "FM"]
[WhiteElo "2399"]
[BlackElo "2303"]
[WhiteTeam "Chinese Taipei"]
[BlackTeam "Malaysia"]
[WhiteFideId "16301188"]
[BlackFideId "5717981"]
[EventDate "2021.08.27"]
[EventType "team"]

1. d4 Nf6 2. c4 e6 3. Nf3 d5 4. g3 Bb4+ 5. Bd2 Be7 6. Bg2 O-O 7. O-O c6 8. Qc2
b6 9. Rd1 Nbd7 10. Bf4 Bb7 11. b3 Rc8 12. Nc3 c5 13. dxc5 Bxc5 14. h3 Qe7 15.
Ne5 Rfd8 16. cxd5 Nxd5 17. Nxd5 Bxd5 18. Qb2 Bxg2 1/2-1/2

[Event "Online Olym Div3 A 2021"]
[Site "chess.com INT"]
[Date "2021.08.27"]
[Round "1.4"]
[Board "1"]
[White "Kumar, Manoj"]
[Black "Tran, Thanh Tu"]
[Result "0-1"]
[WhiteTitle "CM"]
[BlackTitle "CM"]
[WhiteElo "1928"]
[BlackElo "2374"]
[WhiteTeam "Fiji"]
[BlackTeam "Japan"]
[WhiteFideId "11400064"]
[BlackFideId "12401404"]
[EventDate "2021.08.27"]
[EventType "team"]

1. d4 Nf6 2. Bf4 c5 3. e3 Qb6 4. Nc3 cxd4 5. exd4 d6 6. Nf3 a6 7. Rb1 Bg4 8. Be2
e6 9. h3 Bh5 10. O-O Be7 11. Be3 Qc7 12. Nd2 Bg6 13. Bf3 d5 14. Be2 b5 15. a3
O-O 16. Nf3 Nbd7 17. Bd3 Rfc8 18. Re1 Bd6 19. Ne2 Ne4 20. c3 f5 21. Bc1 Bh5 22.
Bxe4 fxe4 23. Nd2 Rf8 24. Rf1 Rf6 25. Qe1 Raf8 26. Ng3 Bg6 27. Ra1 Nb6 28. Ne2
a5 29. Ng3 a4 30. Ne2 Qf7 31. b3 Bb8 32. b4 Qc7 33. Bb2 Qh2# 0-1

[Event "Online Olym Div3 A 2021"]
[Site "chess.com INT"]
[Date "2021.08.27"]
[Round "1.4"]
[Board "2"]
[White "Kobayashi, Atsuhiko"]
[Black "Sikivou, Taione"]
[Result "1-0"]
[BlackTitle "CM"]
[WhiteElo "2141"]
[BlackElo "1834"]
[WhiteTeam "Japan"]
[BlackTeam "Fiji"]
[WhiteFideId "7000049"]
[BlackFideId "11400153"]
[EventDate "2021.08.27"]
[EventType "team"]

1. Nf3 d5 2. g3 Nf6 3. Bg2 Bf5 4. c4 c6 5. cxd5 cxd5 6. Qb3 Qc7 7. Nc3 e6 8. d3
Nc6 9. Nb5 Qd7 10. O-O a6 11. Nbd4 Bg6 12. Nxc6 bxc6 13. Ne5 Qc8 14. Qa4 Bd6 15.
Qxc6+ Qxc6 16. Nxc6 Kd7 17. Nd4 Rab8 18. b3 Rhc8 19. Bb2 e5 20. Nf3 Rc2 21.
Nxe5+ Ke6 22. Nxg6 hxg6 23. Bxf6 gxf6 24. e4 Be5 25. exd5+ Kd6 26. Rac1 Rbc8 27.
Rxc2 Rxc2 28. a4 Bd4 29. Rb1 Rxf2 30. Kh1 Ra2 31. h4 a5 32. g4 f5 33. gxf5 gxf5
34. Rf1 Ra1 35. Rxa1 Bxa1 36. Kg1 Ke5 37. Kf2 Bd4+ 38. Kf3 Bc5 39. h5 Kf6 40.
Ke2 Kg5 41. Bf3 Bd6 42. d4 Kf6 43. Kd3 Kg5 44. Bd1 f4 45. Bf3 f5 46. Kc4 Kh4 47.
h6 Bf8 48. h7 Bg7 49. d6 Kg3 50. d7 1-0

[Event "Online Olym Div3 A 2021"]
[Site "chess.com INT"]
[Date "2021.08.27"]
[Round "1.4"]
[Board "4"]
[White "Takayasu, Melody"]
[Black "Sewak, Aarti"]
[Result "1/2-1/2"]
[WhiteElo "1692"]
[BlackElo "1412"]
[WhiteTeam "Japan"]
[BlackTeam "Fiji"]
[WhiteFideId "7003501"]
[BlackFideId "11400722"]
[EventDate "2021.08.27"]
[EventType "team"]

1. e4 b6 2. d4 Bb7 3. Bd3 e6 4. Nf3 c5 5. c3 Nf6 6. Bg5 Be7 7. Nbd2 a6 8. O-O d6
9. Re1 Qc7 10. h3 Nbd7 11. Rc1 h6 12. Bf4 g5 13. Bg3 g4 14. hxg4 Nxg4 15. Qe2 h5
16. d5 b5 17. dxe6 fxe6 18. e5 O-O-O 19. exd6 Bxd6 20. Bxd6 Qxd6 21. Ne4 Qc6 22.
Neg5 Rde8 23. Be4 Qb6 24. Bxb7+ Qxb7 25. Qe4 Qb6 26. Nf7 Rhf8 27. N7g5 e5 28.
Rcd1 c4 29. Re2 Nc5 30. Qa8+ Kc7 31. Qd5 Rd8 32. Qxc5+ Qxc5 33. Ne6+ Kc6 34.
Rxd8 Rxd8 35. Nxc5 Kxc5 36. Rd2 Rf8 37. Kf1 a5 38. Ke2 b4 39. cxb4+ axb4 40. Rd7
Rf4 41. Rh7 Rf5 42. Rc7+ Kd6 43. Rc8 Kd5 44. Rd8+ Kc5 45. Rc8+ Kb5 46. Rb8+ Kc5
47. Rc8+ Kb5 48. Rb8+ Ka5 49. Ra8+ Kb6 50. Rb8+ Kc5 51. Rc8+ 1/2-1/2

[Event "Online Olym Div3 A 2021"]
[Site "chess.com INT"]
[Date "2021.08.27"]
[Round "1.4"]
[Board "5"]
[White "Prasad, Rudr"]
[Black "Otawa, Yuto"]
[Result "0-1"]
[WhiteElo "1566"]
[BlackElo "2125"]
[WhiteTeam "Fiji"]
[BlackTeam "Japan"]
[WhiteFideId "11401095"]
[BlackFideId "7001762"]
[EventDate "2021.08.27"]
[EventType "team"]

1. d4 d5 2. c4 e6 3. Nc3 Be7 4. Nf3 Nf6 5. Bg5 O-O 6. e3 h6 7. Bh4 Ne4 8. Bxe7
Qxe7 9. cxd5 Nxc3 10. bxc3 exd5 11. Qb3 Rd8 12. Bd3 c5 13. c4 dxc4 14. Qxc4 Be6
15. Qc3 Nd7 16. O-O Rac8 17. Be4 Nf6 18. Nd2 cxd4 19. Qd3 Rc3 20. Qe2 Bg4 21.
Bf3 dxe3 22. Bxg4 Rxd2 23. Qf3 exf2+ 24. Rxf2 Rxf3 25. Bxf3 Qe3 26. Rf1 Rxa2 27.
g3 Rxf2 28. Rxf2 Ne4 29. Bxe4 Qe1+ 30. Kg2 Qxe4+ 31. Kh3 a5 32. Rf4 Qxf4 33.
gxf4 a4 34. Kg3 a3 35. Kf3 a2 36. Ke3 a1=Q 37. Kd2 Qa3 38. f5 b5 39. f6 b4 40.
h4 Qc3+ 41. Ke2 b3 42. fxg7 b2 43. h5 b1=Q 44. Kf2 Qbb2+ 45. Kf1 Qcc1# 0-1